Loading...
| Fine Arts - Other | 1 | 3 | 1 | 0 | 40 | 78 | 97.25 | 1 | 3 | 0.00 | 0.00 |
| Fine Arts - Visual | 0 | 3 | 1 | 0 | 25 | 76 | 102.67 | 0 | 1 | 0.00 | 0.00 |
| Religion | 1 | 1 | 0 | 0 | 25 | 53 | 73.50 | 1 | 2 | 0.00 | 0.00 |
| History - Other | 1 | 1 | 1 | 0 | 20 | 73 | 85.50 | 0 | 2 | 0.00 | 0.00 |
| Philosophy | 1 | 1 | 1 | 0 | 20 | 54 | 83.00 | 1 | 1 | 0.00 | 0.00 |
| Pop Culture | 0 | 2 | 0 | 1 | 20 | 135 | 140.50 | 0 | 0 | 0.00 | 0.00 |
| Fine Arts - Auditory | 1 | 0 | 0 | 0 | 15 | 69 | 69.00 | 1 | 1 | 0.00 | 0.00 |
| Mythology | 1 | 0 | 0 | 0 | 15 | 62 | 62.00 | 0 | 1 | 0.00 | 0.00 |
| Social Science | 0 | 1 | 0 | 0 | 10 | 90 | 90.00 | 0 | 1 | 0.00 | 0.00 |
| History - American | 0 | 1 | 0 | 0 | 10 | 101 | 101.00 | 0 | 1 | 0.00 | 0.00 |
| Literature - World | 0 | 1 | 0 | 0 | 10 | 80 | 80.00 | 1 | 1 | 0.00 | 0.00 |
| Religion- Edited | 0 | 1 | 0 | 0 | 10 | 80 | 80.00 | 0 | 1 | 0.00 | 0.00 |
| History - World | 0 | 1 | 1 | 0 | 5 | 140 | 140.00 | 0 | 0 | 0.00 | 0.00 |
| Science - Biology | 0 | 1 | 1 | 0 | 5 | 72 | 72.00 | 1 | 1 | 0.00 | 0.00 |
| Literature - European | 0 | 1 | 2 | 1 | 0 | 116 | 116.00 | 0 | 0 | 0.00 | 0.00 |